<?xml version="1.0" encoding="UTF-8"?>
<record
    xmlns:xsi="http://www.w3.org/2001/XMLSchema-instance"
    xsi:schemaLocation="http://www.loc.gov/MARC21/slim http://www.loc.gov/standards/marcxml/schema/MARC21slim.xsd"
    xmlns="http://www.loc.gov/MARC21/slim">

  <leader>01586nas1a22003251i 4500</leader>
  <controlfield tag="001">RU\NLR\INFOCOMM4\1000000057</controlfield>
  <controlfield tag="005">20260407083300.0</controlfield>
  <datafield tag="011" ind1=" " ind2=" ">
    <subfield code="a">1560-6996</subfield>
  </datafield>
  <datafield tag="035" ind1=" " ind2=" ">
    <subfield code="a">(NLR Aleph) 002756898</subfield>
  </datafield>
  <datafield tag="090" ind1=" " ind2=" ">
    <subfield code="a">2194649</subfield>
    <subfield code="c">2194649</subfield>
  </datafield>
  <datafield tag="100" ind1=" " ind2=" ">
    <subfield code="a">20040216c1996    |||y0rusy50      ca</subfield>
  </datafield>
  <datafield tag="101" ind1="0" ind2=" ">
    <subfield code="a">rus</subfield>
  </datafield>
  <datafield tag="102" ind1=" " ind2=" ">
    <subfield code="a">RU</subfield>
  </datafield>
  <datafield tag="110" ind1=" " ind2=" ">
    <subfield code="a">ayu||||0|y0</subfield>
  </datafield>
  <datafield tag="200" ind1="1" ind2=" ">
    <subfield code="a">&#x412;&#x441;&#x442;&#x440;&#x435;&#x447;&#x430;</subfield>
    <subfield code="e">&#x41F;&#x440;&#x430;&#x432;&#x43E;&#x441;&#x43B;. &#x441;&#x442;&#x443;&#x434;. &#x436;&#x443;&#x440;&#x43D;. &#x41C;&#x43E;&#x441;&#x43A;. &#x414;&#x443;&#x445;&#x43E;&#x432;. &#x430;&#x43A;&#x430;&#x434;. &#x438; &#x441;&#x435;&#x43C;&#x438;&#x43D;&#x430;&#x440;&#x438;&#x438;</subfield>
  </datafield>
  <datafield tag="210" ind1=" " ind2=" ">
    <subfield code="a">&#x421;&#x435;&#x440;&#x433;&#x438;&#x435;&#x432; &#x41F;&#x43E;&#x441;&#x430;&#x434;</subfield>
    <subfield code="d">1996 -</subfield>
  </datafield>
  <datafield tag="711" ind1="0" ind2="2">
    <subfield code="a">&#x41C;&#x43E;&#x441;&#x43A;&#x43E;&#x432;&#x441;&#x43A;&#x430;&#x44F; &#x434;&#x443;&#x445;&#x43E;&#x432;&#x43D;&#x430;&#x44F; &#x430;&#x43A;&#x430;&#x434;&#x435;&#x43C;&#x438;&#x44F;</subfield>
    <subfield code="3">RU\NLR\AUTH\8810082</subfield>
    <subfield code="9">292710</subfield>
  </datafield>
  <datafield tag="801" ind1=" " ind2="1">
    <subfield code="a">RU</subfield>
    <subfield code="b">InfoComm</subfield>
    <subfield code="c">20040216</subfield>
  </datafield>
  <datafield tag="801" ind1=" " ind2="0">
    <subfield code="a">RU</subfield>
    <subfield code="b">NLR</subfield>
    <subfield code="g">PSBO</subfield>
  </datafield>
  <datafield tag="801" ind1=" " ind2="2">
    <subfield code="a">RU</subfield>
    <subfield code="b">NLR</subfield>
    <subfield code="c">20080227</subfield>
    <subfield code="2">rusmarc</subfield>
  </datafield>
  <datafield tag="852" ind1=" " ind2=" ">
    <subfield code="a">NLR</subfield>
    <subfield code="j">&#x41F;38/127</subfield>
  </datafield>
  <datafield tag="942" ind1=" " ind2=" ">
    <subfield code="c">JOURNAL</subfield>
  </datafield>
  <datafield tag="980" ind1=" " ind2=" ">
    <subfield code="a">RUSPER</subfield>
  </datafield>
</record>
